01217nam0a22002291 4500001001100000005001700011021001900028035002600047100004100073101000800114102000700122105001800129200044000147210005300587215002300640606009600663702006500759712009900824801001800923801002200941852002400963rc\397244020260407143212.0 aRUb[56-36708] a(NLR Aleph) 008056940 a20130415d1956 |||y0rusy50 ca0 arus aRU aa z |||||1 aИсследования по сейсмостойкости зданий и сооруженийe[Сборник статей]fПод ред. д-ра техн. наук проф. А.Е. ДесоваgМ-во строительства предприятий металлург. и хим. пром-сти СССР. Техн. упр. Центр. науч.-исслед. ин-т пром. сооружений ЦНИПС aМоскваcГосстройиздатd1956 a120 с.cил.d22 aСейсмостойкие здания и сооруженияjСборники2psbo 1aДесовbА.Е.gАрсений Ефремович434002aЦНИИ промышленных сооруженийcМосква3RU\NLR\AUTH\8810014876 0aRUbNLRgpsbo 1aRUbELAR2rusmarc aNLRjТ80 Г-5/1100